History of the people of Israel, from the earliest times to the destruction of Jerusalem by the Romans; (Record no. 13094)
[ view plain ]
| 000 -LEADER | |
|---|---|
| fixed length control field | 00737cam a22001931 4500 |
| 001 - CONTROL NUMBER | |
| control field | c 98000126 |
| 003 - CONTROL NUMBER IDENTIFIER | |
| control field | DLC |
| 005 - DATE AND TIME OF LATEST TRANSACTION | |
| control field | 20260227111038.0 |
| 008 - FIXED-LENGTH DATA ELEMENTS--GENERAL INFORMATION | |
| fixed length control field | 801211s1898 ilu 000 0 eng |
| 010 ## - LIBRARY OF CONGRESS CONTROL NUMBER | |
| LC control number | c 98000126 |
| 040 ## - CATALOGING SOURCE | |
| Original cataloging agency | DLC |
| Transcribing agency | DLC |
| Modifying agency | DLC |
| 050 00 - LIBRARY OF CONGRESS CALL NUMBER | |
| Classification number | DS118 |
| Item number | .C82 |
| 100 1# - MAIN ENTRY--PERSONAL NAME | |
| Personal name | Cornill, Carl Heinrich, |
| Dates associated with a name | 1854-1920. |
| 245 00 - TITLE STATEMENT | |
| Title | History of the people of Israel, from the earliest times to the destruction of Jerusalem by the Romans; |
| Statement of responsibility, etc. | written for lay readers by Carl Heinrich Cornill ... Tr. by W. H. Carruth ... |
| 260 ## - PUBLICATION, DISTRIBUTION, ETC. | |
| Place of publication, distribution, etc. | Chicago, |
| Name of publisher, distributor, etc. | The Open court publishing company; |
| Date of publication, distribution, etc. | [etc., etc.] 1898. |
| 300 ## - PHYSICAL DESCRIPTION | |
| Extent | 3 p.l., 325 p. |
| Dimensions | 21 cm. |
| 650 #0 - SUBJECT ADDED ENTRY--TOPICAL TERM | |
| Topical term or geographic name entry element | Jews |
| General subdivision | History |
| Chronological subdivision | To 70 A.D. |
| 700 1# - ADDED ENTRY--PERSONAL NAME | |
| Personal name | Carruth, William Herbert, |
| Dates associated with a name | 1859-1924, |
| Relator term | tr. |
No items available.